| 000 | 02034nab a2200241 a 4500 | ||
|---|---|---|---|
| 005 | 20240215063752.0 | ||
| 008 | 991125c2016 mx fr p o 000 0 spa d | ||
| 035 | _aUPN01000224166 | ||
| 040 |
_aUPN _bspa _cUPN _eaacr2 |
||
| 049 | _aART-E | ||
| 100 | 1 |
_aGómez Lamont, Mario Fausto _6-psic.faustogl@gmail.com |
|
| 245 | 1 | 0 |
_aBioética, feminismo y la dignidad de las “mujeres”: proceso social y cambio de valores en las terapias familiares _h[recurso electrónico en línea] |
| 506 | 0 | _aAcceso abierto | |
| 520 | 3 | _aEl presente ensayo es un trabajo necesario que aborda de manera conceptual los planteamientos de la bioética y la psicoterapia. Esta línea de análisis expone los aportes de la bioética en las terapias familiares, donde se explican las posturas éticas que guían la relación terapeuta-consultante de algunas terapias familiares. Finalmente, se hace un acercamiento al planteamiento del feminismo y la dignidad de las “mujeres” en el campo de la terapia familiar estructural, con el fin de cuestionar los roles estereotipados en las relaciones entre mujeres y hombres que son reproducidos en la terapia. En las conclusiones se rescatan elementos importantes, se da cuenta del doble sentido de las palabras, allí donde se habían dado por supuestos los sentidos de los términos y dejan clara la persistencia de la injusticia, la desigualdad y la regresión en el seno de procesos que antes se consideraban justos, igualitarios y progresistas, además de dejar abierta la crítica de Butler ante la denominación de “mujer” y su presentación en el campo de la bioética, el feminismo y las terapias familiares. | |
| 650 | 4 |
_aBioética _93958 |
|
| 650 | 4 |
_aFeminismo _98967 |
|
| 650 | 2 |
_915329 _aDignidad |
|
| 653 | 0 | _aTerapia familiar | |
| 773 |
_gNo. 36 (2016), p. 61-79 _tAlternativas en psicología _x2007-5251 |
||
| 856 | 4 | _uhttp://www.alternativas.me/attachments/article/135/Bio%C3%A9tica,%20feminismo%20y%20la%20dignidad%20de%20las%20mujeres.pdf | |
| 905 | _aArticulo | ||
| 942 | _cART-E | ||
| 999 |
_c196263 _d196263 |
||